| 000 | 00762nam a22002537a 4500 | ||
|---|---|---|---|
| 008 | 131029b xxu||||| |||| 00| 0 eng d | ||
| 020 | _a81-86806-86-5 | ||
| 024 | _cAvailable | ||
| 037 | _cAvailable | ||
| 040 |
_aMBSTU LIBRARY _dMBSTU LIBRARY |
||
| 082 |
_222 _a491.44321 BIS |
||
| 100 | _aBiswas, Sailendra. | ||
| 245 | _aSamsad Bengali -English dictionary. | ||
| 250 | _a3rd | ||
| 260 |
_aKolkata _bSahitya Samsad. _c2001 |
||
| 300 |
_a22 cm. _b1093 page _f3 _g22 cm. |
||
| 600 | _2Bengali- English dictionary. | ||
| 650 | _2Bengali- English dictionary. | ||
| 700 | _aBiswas, Sailendra. | ||
| 270 |
_aKolkata _bKolkata _dIndia |
||
| 365 |
_b168.00 _d168.00 |
||
| 942 |
_2ddc _cBK |
||
| 999 |
_c759 _d759 |
||